| 000 | 00598nam a2200205Ia 4500 | ||
|---|---|---|---|
| 001 | 14781 | ||
| 003 | GE_BSU | ||
| 008 | 181216s||||||||xx |||||||||||||| ||und|| | ||
| 040 | _cGE_BSU | ||
| 080 | _a531 | ||
| 100 | _aАрнольд,В.И. | ||
| 245 | _aМетодические методы классической механики | ||
| 245 | _cРед.Н.Н.Колесников | ||
| 260 | _aМосква | ||
| 260 | _bНаука | ||
| 260 | _c1974 | ||
| 300 | _a431стр.22см. | ||
| 653 | _aМетодические методы классической механики | ||
| 942 | _cBK | ||
| 999 |
_c47904 _d47904 |
||